El solitario
Gespeichert in:
| 1. Verfasser: | |
|---|---|
| Format: | Buch |
| Sprache: | Spanisch |
| Veröffentlicht: |
Santiago
Goethe-Institu
1991
Santiago Pehuén 1991 |
| Ausgabe: | 1a. ed |
| Schlagworte: | |
| Tags: |
Tag hinzufügen
Keine Tags, Fügen Sie den ersten Tag hinzu!
|
MARC
| LEADER | 00000cam a2200000 a 4500 | ||
|---|---|---|---|
| 001 | UCD3864 | ||
| 003 | CL-VaPUC | ||
| 005 | 20250121162136.0 | ||
| 008 | 160616e19910000cl |||||||||||||||||spa|d | ||
| 999 | |c 364879 |d 364877 | ||
| 020 | |a 9561602520 | ||
| 040 | |c Pontificia Universidad Católica de Valparaíso | ||
| 082 | 0 | 4 | |a 943.086 |b ORT |2 21 |
| 100 | |a Ortner, Helmut |e autor |9 587487 | ||
| 245 | 1 | 3 | |a El solitario |
| 246 | 1 | 3 | |a El solitario: Georg Elser, el hombre que intentó matar a Hitler |
| 250 | |a 1a. ed | ||
| 260 | |a Santiago |b Goethe-Institu |c 1991 | ||
| 260 | |a Santiago |b Pehuén |c 1991 | ||
| 300 | |a 151 p | ||
| 583 | |a last modification |c 20160616 22:39:00 |k Rodrigo Vera | ||
| 600 | |a Hitler, Adolfo |q (Hitler, Adolf), |d 1889-1945 |9 878844 | ||
| 650 | 0 | |a Atentados |9 442242 | |
| 650 | 0 | |a Dictaduras |9 343155 | |
| 650 | 0 | |a Historia de Alemania |9 431857 | |
| 651 | 0 | |a Alemania |9 255688 | |
| 942 | |c BK |2 ddc | ||
| 945 | |d 20160616 22:39:00 |a arojas | ||
| 952 | |0 0 |1 0 |3 erb |4 0 |6 943_086000000000000_ORT_1991_1991 |7 0 |8 A |9 478476 |a FDOHBE |b FDOHBE |e Huesbe Llanos, Marco Antonio, 1934- |i 5310423 |o 943.086 ORT 1991 1991 |p 5310423 |r 2024-01-30 |w 2019-11-24 |y BK |z Catalogado en:20160616 |k HBE | ||